书目信息 |
| 题名: |
北平和平解放始末
|
|
| 作者: | 何东 , 陈明星 著 | |
| 分册: | ||
| 出版信息: | 北京 解放军出版社 1985 |
|
| 页数: | 196页 | |
| 开本: | 19cm | |
| 丛书名: | ||
| 单 册: | ||
| 中图分类: | E297.4 , K266.9 | |
| 科图分类: | ||
| 主题词: | 起义部队--北京 , 平津战役(1948~1949) , 中国--历史 | |
| 电子资源: | ||
| ISBN: | ||
| 000 | 00775nam0 2200289 45 | |
| 001 | 0185008952 | |
| 005 | 20061117101752.73 | |
| 010 | @dCNY1.05 | |
| 091 | @a11185.26 | |
| 100 | @a19901008d1985 emky0chiy0121 ea | |
| 101 | 0 | @achi |
| 102 | @aCN@b110000 | |
| 105 | @af z 000yd | |
| 106 | @ar | |
| 200 | 10 | @a北平和平解放始末@Abei ping he ping jie fang shi mo@f何东, 陈明显著 |
| 210 | @a北京@c解放军出版社@d1985 | |
| 215 | @a196页@c照片@d19cm | |
| 606 | @a起义部队@y北京 | |
| 606 | @a平津战役(1948~1949) | |
| 606 | 0 | @a中国@x历史 |
| 690 | @aE297.4@v3 | |
| 690 | @aK266.9@v3 | |
| 701 | 0 | @a何东@Ahe dong@4著 |
| 701 | 0 | @a陈明星@Achen ming xing@4著 |
| 801 | 0 | @aCN@b深圳图书馆@c20061117 |
| 801 | 2 | @aCN@bNLC@c20040518 |
| 905 | @f2@b149314-315@dK266.9@e19 | |
| 北平和平解放始末/何东, 陈明显著.-北京:解放军出版社,1985 |
| 196页:照片;19cm |
| ISBN :CNY1.05 |
| ● |
| 相关链接 |
|
|
|
|
正题名:北平和平解放始末
索取号:K266.9/19
 
预约/预借
| 序号 | 登录号 | 条形码 | 馆藏地/架位号 | 状态 | 备注 |
| 1 | 0149314 | 000354262 | 第二借阅区/ [索取号:K266.9/19] | 在馆 | |
| 2 | 0149315 | 000354324 | 密集书库/ [索取号:K266.9/19] | 在馆 | |
| 3 | 0149316 | 000354253 | 第二样本阅览室/ [索取号:K266.9/19] | 在馆 |